Čo ponúka svet carry tradingu
Charakteristika obchodnej stratégie carry tradingu. Carry trading, tvorca trhu. Riziko takého investovania. Vstup do pozície a výstup.
Saved in:
| Main Author: | |
|---|---|
| Format: | Book Chapter |
| Language: | Slovak |
| Subjects: | |
| Tags: |
No Tags, Be the first to tag this record!
|
MARC
| LEADER | 00000naa$a2200000$$$4500 | ||
|---|---|---|---|
| 001 | 0072542 | ||
| 005 | 20231019090037.7 | ||
| 041 | 0 | |a slo | |
| 044 | |a SK | ||
| 245 | 1 | 0 | |a Čo ponúka svet carry tradingu |c Peter Karailiev |
| 520 | |a Charakteristika obchodnej stratégie carry tradingu. Carry trading, tvorca trhu. Riziko takého investovania. Vstup do pozície a výstup. | ||
| 610 | 2 | 0 | |a stratégia obchodná |
| 610 | 2 | 0 | |a sadzby úrokové |
| 610 | 2 | 0 | |a nástroje investičné |
| 610 | 2 | 0 | |a kurz výmenný |
| 100 | 1 | |a Karailiev, Peter | |